000 00606cam a22002053a 4500
001 33540
003 PGUSA
005 20140828083726.0
008 100826s2010||||xxu|||||s|||||000 | eng d
040 _aPGUSA
_beng
042 _adc
100 1 _aHallam, Henry,
_d1777-1859
245 1 0 _aView of the State of Europe during the Middle Ages, Vol. 3
_h[electronic resource] /
_cHenry Hallam
260 _bProject Gutenberg,
_c2010
506 _aPublic domain in the USA.
516 _aElectronic text
830 0 _aProject Gutenberg
_v33540
856 4 0 _uhttp://www.gutenberg.org/ebooks/33540
942 _cEB
999 _c262795
_d262795